|
|
|
|
| LEADER |
00000nab a2200000 a 4500 |
| 001 |
vtls000578625 |
| 003 |
SK-MaSNL |
| 005 |
20260305030004.0 |
| 008 |
120929c1995 xo 0 slo |
| 015 |
|
|
|a SNBRB19rr/mm-uuuuu
|
| 035 |
|
|
|a CL0578763
|
| 040 |
|
|
|a SNKBUCL
|b slo
|c SNKBUCL
|e AACR2
|
| 041 |
0 |
|
|a slo
|
| 044 |
|
|
|a xo
|c SK
|
| 080 |
|
|
|a 539.1
|2 1981
|
| 080 |
|
|
|a 620.91
|2 1981
|
| 080 |
|
|
|a 550.36
|2 1981
|
| 080 |
|
|
|a 662.997
|2 1981
|
| 080 |
|
|
|a 69
|2 1981
|
| 100 |
1 |
|
|a Mikler, Jozef,
|d 1934-
|4 aut
|9 39847
|
| 245 |
1 |
0 |
|a Slnečné žiarenie zatiaľ nevyužitý zdroj energie
|b Súčasné zdroje pre stavebníctvo a architektúru
|c Jozef Mikler
|
| 650 |
0 |
7 |
|a jadrová energia
|2 snkbucl
|9 69291
|
| 650 |
0 |
7 |
|a geotermálna energia
|2 snkbucl
|9 3507
|
| 650 |
0 |
7 |
|a stavebníctvo
|2 snkbucl
|9 726
|
| 655 |
|
7 |
|a články z novín a časopisov
|2 snkbucl
|9 267496
|
| 773 |
0 |
|
|t APS
|g Roč. 3, č. 1-2 (1995), s. 22-25
|x 1335-0315
|
| 850 |
|
|
|a Slovenská národná knižnica v Martine
|a MTA001
|
| 852 |
|
|
|a SNK
|b KIS3GCP
|
| 958 |
|
|
|a RK
|
| 992 |
|
|
|a RBX
|
| 999 |
|
|
|c 3308607
|d 3310537
|